Statistics for Cities With Most Championships in American Sports

Click here to take the quiz!

General Stats

  • This quiz has been taken 515 times
    (302 since last reset)
  • The average score is 27 of 37

Answer Stats

WinsAnswer% Correct
49New York
99%
39Boston
97%
19Los Angeles
97%
19Chicago
95%
18Bay Area
93%
7Dallas
92%
7Miami
91%
3Houston
89%
14Philadelphia
89%
18Detroit
87%
2Seattle
87%
15Pittsburgh
84%
1Atlanta
83%
5Denver
83%
3Cleveland
82%
2Tampa Bay
82%
4Kansas City
77%
7Washington D.C
77%
14St. Louis
76%
16Toronto
75%
1Phoenix
74%
5San Antonio
72%
6Baltimore
70%
7Minneapolis
70%
24Montreal
68%
1New Orleans
68%
1Portland
66%
1Indianapolis
65%
1Milwaukee
64%
4Green Bay
61%
5Cincinnati
55%
5Edmonton
50%
1Calgary
44%
1Raleigh
44%
3Newark
22%
2Anaheim
21%
1Brooklyn
13%

Score Distribution

Percentile by Number Answered

Percent of People with Each Score

Your Score History

You have not taken this quiz since the last reset